000 00697nam a2200265Ia 4500
003 OSt
005 20221007075037.0
006 a|||||r|||| 00| 0
007 ta
008 221006b |||||||| |||| 00| 0 eng d
020 _a8187162031
024 _a4,137
037 _cTextual
040 _aFLL
_cFLL
_beng
041 _2eng
_aeng
082 _aZ2,98,3q, N8
100 _aDalal Dileep Au.
_9683500
245 0 _aIndian registration act
250 _a10th
260 _aNew Delhi
_bButterworths India
_c1998
300 _a402p
_ccm.
650 _aIndian registration act
_9681631
942 _hZ2,98,3q, N8
_cTEXL
_2CC
999 _c1154611
_d1154611